Movies Quiz

Random Movies or Oscar Quiz

Oscar Noms: First Name's the Same Quiz Stats

 Plays Quiz Updated Dec 1, 2020

Support Sporcle.
Go Orange.
Score 0/28 Timer 07:00
1 Play Today
Last names % Correct
Hayes, Hunt, MirrenHelen
96.5%
Connelly, Hudson, Jones, Lawrence, TillyJennifer
95.9%
Alexander, Darwell, Fonda, WymanJane
94.9%
Davis, Garland, HollidayJudy
93.4%
Hudson, Nelligan, WinsletKate
91.7%
Kendrick, Magnani, PaquinAnna
91%
Burns, Deneuve, Keener, Zeta-JonesCatherine
90.1%
Chastain, Lange, TandyJessica
89.4%
Archer, Bancroft, Baxter, Hathaway, Ramsey, Revere, ShirleyAnne
89.3%
Andrews, Christie, Harris, WaltersJulie
84.7%
Basinger, Hunter, StanleyKim
84%
Hayward, Kohner, Peters, Sarandon, TyrrellSusan
83.4%
Gyllenhaal, McNamara, SmithMaggie
82.4%
Astor, Badham, Elizabeth Mastrantonio, McDonnell, Pickford, Steenburgen, Tyler Moore, UreMary
81.2%
Last names % Correct
Allen, Blondell, Crawford, Cusack, Fontaine, Hackett, Lorring, PlowrightJoan
80.7%
Cilento, Keaton, Ladd, Lane, VarsiDiane
80.3%
Field, Hawkins, Kellerman, KirklandSally
79.7%
Griffiths, Roberts, WeiszRachel
78%
Arquette, Clarkson, Collinge, NealPatricia
78%
Booth, Jones, Knight, MacLaineShirley
77%
Adams, Irving, Madigan, RyanAmy
69.3%
Hartman, McGovern, TaylorElizabeth
65.6%
Barrie, Bel Geddes, Harris, Hershey, O'Neil, StanwyckBarbara
64.2%
Grahame, Stuart, SwansonGloria
47.9%
Gaynor, Leigh, McTeer, SuzmanJanet
47.7%
Blethyn, Fricker, VaccaroBrenda
41.4%
Dandridge, Malone, McGuireDorothy
40.2%
Carlin, Fontanne, RedgraveLynn
39.9%

From the Vault

17+ Letter Vocabulary (Hard)

by iglew

Language 10m
If you've been studying the deindustrialization of transcendentalist denominationalism, then you're in good shape.
Remove Ads.
Support Sporcle.
Get the best of Sporcle when you Go Orange. This ad-free experience offers more features, more stats, and more fun while also helping to support Sporcle. Thank you for becoming a member.

Show Comments

Extras

Top Quizzes Today


Score Distribution

Your Account Isn't Verified!

In order to create a playlist on Sporcle, you need to verify the email address you used during registration. Go to your Sporcle Settings to finish the process.

Report this User

Report this user for behavior that violates our Community Guidelines.

Details: